00540nam a22001452 4500001001100000005001700011008004100028040001500069100004200084245015600126250001300282260004100295300003000336650002800366000002343720151217161557.0121129s xx 000 0 eng d aKABUcKABU1 aKuchio, Jannete J. Bunei.@000018282510aRole of strategic leadership in strategy implementation in Kenya private universities :ba case study of Kabarak university /cJannete J. Bunei Kuchio. a1st ed. aNakuru :bKabarak University,c2012. ax, 67 leaves +e1 CD-ROM. 0aLeadership.@0000150687